|
|
|
|
| LEADER |
01287nam a2200301 a 4500 |
| 001 |
000024867 |
| 003 |
CZ BrMZK |
| 005 |
20140917213216.0 |
| 007 |
ta |
| 008 |
950707s1990 xr f cze d |
| 015 |
|
|
|a cnb000062553
|z cnb000062554
|
| 040 |
|
|
|a BOA001
|b cze
|
| 080 |
|
|
|a 885.0-6
|2 MRF
|
| 100 |
1 |
|
|a Havel, Václav,
|d 1936-2011
|7 jk01040240
|4 aut
|
| 245 |
1 |
0 |
|a Dopisy Olze :
|b (červen 1979 - září 1982) /
|c z autorových dopisů odesílaných v létech 1979-1982 Václavem Havlem připravil Jan Lopatka ; doslov Jiří Dinstbier
|
| 250 |
|
|
|a 1. vyd.
|
| 260 |
|
|
|a Brno :
|b Atlantis,
|c 1990
|
| 300 |
|
|
|a 395 s.
|
| 500 |
|
|
|a Na titulním listě vročení 1983
|
| 700 |
1 |
|
|a Lopatka, Jan,
|d 1940-1993
|7 jk01072390
|4 edt
|
| 856 |
4 |
1 |
|u https://www.digitalniknihovna.cz/mzk/uuid/uuid:1c633a00-f2ba-11e2-9923-005056827e52
|y Digitalizovaný dokument
|x NDK
|
| 910 |
|
|
|a BOA001
|b PK-0113.636
|b 2-0962.305
|
| 920 |
|
|
|a 000359324
|
| 990 |
|
|
|a BK
|
| 991 |
|
|
|b 201409
|
| 996 |
6 |
|
|b 2610628463
|c 2-0962.305
|l MZK
|r Sklad / do 1 hodiny
|n 1
|p dar
|w 000024867
|u 000030
|a 1
|e BOA001
|j MZK50
|s P
|
| 996 |
7 |
|
|b 2619849830
|c 2-0962.305
|l MZK
|r Sklad / do 1 hodiny
|n 58
|w 000024867
|u 000020
|a 1
|e BOA001
|j MZK50
|s A
|
| 996 |
7 |
|
|b 3119997823
|c PK-0113.636
|l MZK
|r Sklad / do 1 hodiny
|n 57
|w 000024867
|u 000010
|a 1
|e BOA001
|j MZK50
|s A
|